Virtual learning : the assessment of virtual education on Hospitality Management students of Cavite State University-CCAT Campus / (Record no. 2736)

MARC details
000 -LEADER
fixed length control field 01323nam a22003017a 4500
003 - CONTROL NUMBER IDENTIFIER
control field OSt
005 - DATE AND TIME OF LATEST TRANSACTION
control field 20240306054040.0
008 - FIXED-LENGTH DATA ELEMENTS--GENERAL INFORMATION
fixed length control field 240306b ||||| |||| 00| 0 eng d
040 ## - CATALOGING SOURCE
Language of cataloging English.
Transcribing agency CvSU-CCAT Campus Library.
Description conventions rda.
050 ## - LIBRARY OF CONGRESS CALL NUMBER
Classification number UM LC 5800
Item number A54 2022
100 ## - MAIN ENTRY--PERSONAL NAME
Personal name Ameida, John Paulo J., author.
9 (RLIN) 9079
245 ## - TITLE STATEMENT
Title Virtual learning : the assessment of virtual education on Hospitality Management students of Cavite State University-CCAT Campus /
Statement of responsibility, etc. John Paulo J. Ameida and Jhamaica A. De Torres.
260 ## - PUBLICATION, DISTRIBUTION, ETC.
Place of publication, distribution, etc. Rosario, Cavite :
Name of publisher, distributor, etc. Cavite State University-CCAT Campus,
Date of publication, distribution, etc. 2022.
300 ## - PHYSICAL DESCRIPTION
Extent x, 60 leaves :
Other physical details illustrations ;
Dimensions 28 cm
500 ## - GENERAL NOTE
General note Undergraduate Thesis (BSHRM)--Cavite State University-CCAT Campus, 2022.
504 ## - BIBLIOGRAPHY, ETC. NOTE
Bibliography, etc. note Includes bibliographical references and appendices.
520 ## - SUMMARY, ETC.
Thesis Abstract <a href="Thesis Abstract: ">Thesis Abstract: </a>
546 ## - LANGUAGE NOTE
Language note In English text.
650 ## - SUBJECT ADDED ENTRY--TOPICAL TERM
Topical term or geographic name entry element Distance education.
9 (RLIN) 608
650 ## - SUBJECT ADDED ENTRY--TOPICAL TERM
Topical term or geographic name entry element Instructional systems.
9 (RLIN) 9080
650 ## - SUBJECT ADDED ENTRY--TOPICAL TERM
Topical term or geographic name entry element Hospitality management.
9 (RLIN) 9081
650 ## - SUBJECT ADDED ENTRY--TOPICAL TERM
Topical term or geographic name entry element Hospitality education.
9 (RLIN) 9082
700 ## - ADDED ENTRY--PERSONAL NAME
Personal name De Torres, Jhamaica A., author.
9 (RLIN) 9083
700 ## - ADDED ENTRY--PERSONAL NAME
Personal name Arabit, Michelle Alexandra Arellano, adviser.
9 (RLIN) 9084
700 ## - ADDED ENTRY--PERSONAL NAME
Personal name Dela Rea, Kirk T., technical critic.
9 (RLIN) 8999
942 ## - ADDED ENTRY ELEMENTS (KOHA)
Source of classification or shelving scheme Library of Congress Classification
Koha item type Thesis/Manuscripts/Dissertations
Classification part LC 5800 A54 2022
Call number prefix UM
Holdings
Withdrawn status Lost status Source of classification or shelving scheme Damaged status Not for loan Collection code Home library Current library Shelving location Date acquired Coded location qualifier Total Checkouts Full call number Barcode Date last seen Copy number Price effective from Koha item type
    Library of Congress Classification     Thesis/Manuscript/Dissertation Cavite State University - CCAT Campus Cavite State University - CCAT Campus TH 02/29/2024 UM   UM LC 5800 A54 2022 T0005260 10/24/2025 1 03/06/2024 Thesis/Manuscripts/Dissertations